00525nam a2200193 a 4500001001300000003000900013005001700022008004100039020002300080082001700103100001600120245007300136260003900209300000900248500003500257505001000292650001300302700001600315nice12345678IN_TiNIC20260116013638.0050524s1995 grea grp 000 0 eng  a185230X c94000a297.63bSAL4 aSalahi, M A aMuhammad, Man and Prophetb a Complete Study of the Prophet of Islam aGreat BritainbElement Booksc1995 a741p aincludes index and biblioraphy2 aIndex aMuhammad1 aSalahi, M A